000 nam a22 a 4500
999 _c135221
_d135221
003 BLK
005 20201014130739.0
008 180409b bul|||||r ||||||| ||bul||
010 _aKNG00141144000
040 _aBLK
041 _aBUL
_cBUL
072 7 _2bullib
_aЦ
_xРедки и ценни
080 _aСпециална метафизика
_b122/129
_z122/129
080 _aПриродна теология. Теодицея. Религиозна философия (Общи проблеми на религията от глед. т. на философията, без връзка с конкретно вероизповедание
_b21
_z21
100 1 _aДекарт, Рене
_eпърви автор
_9364503
139 _aДекарт, Рене
_bД 35
245 1 0 _aФилософски размишления за съществуванието на Бога и за разликата между тялото и душата
_cРене Декарт; прев. от фр. В. Миролюбов; * Кръстю Котов Кръстев.
257 _aFRA
260 _c1899
_fСофия : печ. Св. София
300 _a99 с.
_c19 см
380 _a1
490 _9435080
_aКолекция Редки и ценни издания
500 _aВ. Миролюбов - псевд. на Кръстю Котов Кръстев.
650 4 _aФилософия и теология
_9249437
650 4 _aФилософия на духа
_9323087
650 4 _aМетафизика
_9162035
653 _aфилософия
653 _aметафизика
653 _aчовешки дух
653 _aистина
653 _aлъжа
653 _aБог
659 _aЦ
700 1 _aМиролюбов, В.
_eпрев. от фр.
_gКръстев, Кръстьо Котов
_9375016
700 1 _aКръстев, Кръстю Котов
_e*
_9324696
852 _aРб 899
_bРц
856 4 _qpdf
856 4 _qpdf
942 _cKNG
_n0
_s1
944 _aCR
_c20.03.2013
_l20.03.2013 - от С1,Р / 20.03.2013
_kНаталия_Медовщикова
944 _aED
_c20.03.2013
_l20.03.2013 - от С1,Р / 20.03.2013
999 _d135221